Tareekh Ibn Khaldoon (Record no. 17711)

000 -LEADER
fixed length control field 00407nam a22001697a 4500
003 - CONTROL NUMBER IDENTIFIER
control field NUST
005 - DATE AND TIME OF LATEST TRANSACTION
control field 20210506124603.0
008 - FIXED-LENGTH DATA ELEMENTS--GENERAL INFORMATION
fixed length control field 140109t xxu||||| |||| 00| 0 eng d
038 ## - RECORD CONTENT LICENSOR
Staff Name MS
082 ## - DEWEY DECIMAL CLASSIFICATION NUMBER
Classification number 909.04297
Author Mark ABD
100 ## - MAIN ENTRY--PERSONAL NAME
Personal name Allama Abdul Rehman Ibn e Khaldoon
9 (RLIN) 55144
245 ## - TITLE STATEMENT
Title Tareekh Ibn Khaldoon
260 ## - PUBLICATION, DISTRIBUTION, ETC.
Place of publication, distribution, etc. SCEE
Name of publisher, distributor, etc. NUST
300 ## - PHYSICAL DESCRIPTION
Extent 400
563 ## - BINDING INFORMATION
Binding note Tareekh Ibn Khaldun
942 ## - ADDED ENTRY ELEMENTS (KOHA)
Source of classification or shelving scheme
Koha item type Book
Holdings
Withdrawn status Lost status Source of classification or shelving scheme Damaged status Not for loan Permanent Location Current Location Date acquired Total Checkouts Full call number Barcode Date last seen Date last checked out Price effective from Koha item type
          School of Civil and Environmental Engineering (SCEE) School of Civil and Environmental Engineering (SCEE) 05/06/2021 1 909.04297 ABD NIT-7446 06/22/2021 05/06/2021 05/06/2021 Book
© 2023 Central Library, National University of Sciences and Technology. All Rights Reserved.